[Event "Santiago de Compostela Bicapawn GP Rap"]
[Site "Santiago de Compostela"]
[Date "2022.10.22"]
[Round "7"]
[White "Piorun, Kacper"]
[Black "Jul Perez, Alberto"]
[Result "1-0"]
[WhiteElo "2611"]
[BlackElo "1953"]
[PlyCount "53"]
[EventDate "2022.10.22"]
[EventType "swiss (rapid)"]
[EventRounds "9"]
[EventCountry "ESP"]
[SourceTitle "CBM 210 Extra"]
[Source "ChessBase"]
[SourceDate "2022.11.30"]
[SourceVersion "1"]
[SourceVersionDate "2022.11.30"]
[SourceQuality "1"]

1. d4 d5 2. Bf4 Nf6 3. e3 e6 4. Nd2 c5 5. c3 Nc6 6. Bd3 Be7 7. Ngf3 0-0 8. Ne5 Nxe5 9. dxe5 Nd7 10. h4 f5 11. h5 Qb6 12. b3 d4 13. c4 dxe3 14. fxe3 Qc6 15. Qe2 b6 16. Rg1 Bb7 17. g4 Bh4+ 18. Kd1 Rad8 19. Kc2 Be7 20. Rad1 Qc7 21. Qh2 b5 22. gxf5 exf5 23. Qg3 g6 24. hxg6 h5 25. g7 Rfe8 26. Bxf5 Qa5 27. Be6+ 1-0

[Event "Santiago de Compostela Bicapawn GP B3"]
[Site "Santiago de Compostela"]
[Date "2022.10.20"]
[Round "8"]
[White "Gomez Ledo, Roberto Carlos"]
[Black "Jul Perez, Alberto"]
[Result "1-0"]
[WhiteElo "2445"]
[BlackElo "1953"]
[PlyCount "93"]
[EventDate "2022.10.20"]
[EventType "swiss (blitz)"]
[EventRounds "9"]
[EventCountry "ESP"]
[SourceTitle "CBM 210 Extra"]
[Source "ChessBase"]
[SourceDate "2022.11.30"]
[SourceVersion "1"]
[SourceVersionDate "2022.11.30"]
[SourceQuality "1"]

1. d4 d5 2. Nf3 Nf6 3. Bf4 e6 4. e3 c5 5. c3 Nc6 6. Nbd2 Be7 7. Bd3 0-0 8. Ne5 Nxe5 9. dxe5 Nd7 10. h4 f5 11. exf6 Nxf6 12. Nf3 Bd6 13. Bxd6 Qxd6 14. Qc2 e5 15. Be2 e4 16. Ng5 h6 17. Nh3 Bg4 18. 0-0-0 Bxe2 19. Qxe2 Qe5 20. Rd2 Rac8 21. Kb1 Rc6 22. Rhd1 Rb6 23. Ka1 Rd6 24. Nf4 Rfd8 25. g3 a6 26. g4 b5 27. Rg1 g5 28. hxg5 hxg5 29. Nh5 d4 30. cxd4 cxd4 31. exd4 Rxd4 32. Rxd4 Rxd4 33. Nxf6+ Qxf6 34. a3 b4 35. axb4 Rxb4 36. Qc2 Qe6 37. Rd1 Rb8 38. Qc5 Qf6 39. Qd5+ Kg7 40. Qd7+ Kg8 41. Rd4 Qb6 42. Qd5+ Kh8 43. Qe5+ Kg8 44. Qxg5+ Kf7 45. Rd7+ Kf8 46. Qe7+ Kg8 47. Qg7# 1-0

[Event "Santiago de Compostela Bicapawn GP B1"]
[Site "Santiago de Compostela"]
[Date "2022.10.19"]
[Round "7"]
[White "Jul Perez, Alberto"]
[Black "Gomez Ledo, Roberto Carlos"]
[Result "0-1"]
[WhiteElo "1953"]
[BlackElo "2445"]
[PlyCount "117"]
[EventDate "2022.10.19"]
[EventType "swiss (blitz)"]
[EventRounds "9"]
[EventCountry "ESP"]
[SourceTitle "EXT 2024"]
[Source "ChessBase"]
[SourceDate "2023.10.10"]
[SourceVersion "1"]
[SourceVersionDate "2023.10.10"]
[SourceQuality "1"]

1. e4 d6 2. d4 Nf6 3. Nc3 e5 4. Nf3 exd4 5. Nxd4 g6 6. Bc4 Bg7 7. h3 0-0 8. Be3 Re8 9. 0-0 c6 10. a4 Nbd7 11. Bf4 Ne5 12. Bb3 a5 13. Qd2 Qb6 14. Rad1 Nh5 15. Bh6 Bh8 16. Nf5 Bxf5 17. exf5 d5 18. Qg5 Nf6 19. Rfe1 Bg7 20. Bxg7 Kxg7 21. fxg6 Nxg6 22. h4 h6 23. Qg3 Nh5 24. Qg4 Nf6 25. Qg3 h5 26. Qg5 Qb4 27. g3 Qg4 28. Qxg4 Nxg4 29. f3 Nf6 30. Kf2 Nd7 31. Ne2 Nc5 32. Nd4 Nxb3 33. Nxb3 Re7 34. Rxe7 Nxe7 35. Re1 Kf6 36. Nc5 Ng6 37. Nd7+ Kg7 38. Nb6 Rd8 39. Rd1 Ne5 40. c4 d4 41. c5 Kf8 42. f4 Ng4+ 43. Kf3 Ne3 44. Rd3 Nc2 45. Nc4 Nb4 46. Rd2 d3 47. Nxa5 Rd7 48. Ke4 Re7+ 49. Kd4 Re2 50. Kc3 Nd5+ 51. Kxd3 Re3+ 52. Kc4 Rxg3 53. Nxb7 Rf3 54. a5 Rxf4+ 55. Rd4 Rf1 56. Kb3 Nc7 57. Rd8+ Kg7 58. Rd7 Na6 59. Nd6 0-1

[Event "Santiago de Compostela Bicapawn GP B1"]
[Site "Santiago de Compostela"]
[Date "2022.10.19"]
[Round "9"]
[White "Jul Perez, Alberto"]
[Black "Tejedor Fuente, Enrique"]
[Result "0-1"]
[WhiteElo "1953"]
[BlackElo "2376"]
[PlyCount "62"]
[EventDate "2022.10.19"]
[EventType "swiss (blitz)"]
[EventRounds "9"]
[EventCountry "ESP"]
[SourceTitle "EXT 2024"]
[Source "ChessBase"]
[SourceDate "2023.10.10"]
[SourceVersion "1"]
[SourceVersionDate "2023.10.10"]
[SourceQuality "1"]

1. e4 d5 2. exd5 Qxd5 3. Nc3 Qa5 4. Bc4 Nf6 5. d3 c6 6. Nf3 Bg4 7. h3 Bxf3 8. Qxf3 e6 9. Bd2 Qe5+ 10. Qe3 Qxe3+ 11. fxe3 Nbd7 12. 0-0 h5 13. e4 Ne5 14. Bb3 Bc5+ 15. Kh1 h4 16. Na4 Bd6 17. d4 Nxe4 18. dxe5 Ng3+ 19. Kg1 Nxf1 20. exd6 Nxd2 21. Nc5 0-0-0 22. d7+ Kc7 23. Rd1 Nxb3 24. axb3 b6 25. Na6+ Kb7 26. Nb4 a5 27. Nd3 Rh5 28. c4 Kc7 29. b4 Rxd7 30. c5 axb4 31. cxb6+ Kxb6 0-1

[Event "Barbera del Valles op 44th"]
[Site "Barbera del Valles"]
[Date "2022.07.08"]
[Round "5"]
[White "Jul Perez, Alberto"]
[Black "Vehi Bach, Victor Manuel"]
[Result "0-1"]
[WhiteElo "2095"]
[BlackElo "2290"]
[PlyCount "70"]
[EventDate "2022.07.04"]
[EventType "swiss"]
[EventRounds "9"]
[EventCountry "ESP"]
[SourceTitle "EXT 2023"]
[Source "ChessBase"]
[SourceDate "2022.10.05"]
[SourceVersion "1"]
[SourceVersionDate "2022.10.05"]
[SourceQuality "1"]

1. e4 c5 2. Nf3 e6 3. d4 cxd4 4. Nxd4 a6 5. Nc3 b5 6. a3 Bb7 7. Bd3 d6 8. 0-0 Nf6 9. Be3 Be7 10. Qe2 Nbd7 11. f4 0-0 12. Nb3 Rc8 13. Bf2 Nc5 14. Nxc5 dxc5 15. Rad1 Qc7 16. Qf3 c4 17. Be2 Nxe4 18. Nxe4 f5 19. Bd4 Bxe4 20. Qg3 Bc5 21. c3 Rfd8 22. Bxc5 Qxc5+ 23. Qf2 Qxf2+ 24. Kxf2 Bc2 25. Rxd8+ Rxd8 26. Ke3 Kf7 27. Bf3 Kf6 28. Rf2 Rd3+ 29. Ke2 Bd1+ 30. Ke1 Bxf3 31. gxf3 e5 32. fxe5+ Kxe5 33. Kf1 Kf4 34. Kg2 g5 35. h3 h5 0-1

[Event "Barcelona IM-B 5th"]
[Site "Barcelona"]
[Date "2021.07.11"]
[Round "7"]
[White "Djidjeli, Sarah"]
[Black "Jul Perez, Alberto"]
[Result "1/2-1/2"]
[WhiteElo "2107"]
[BlackElo "2050"]
[PlyCount "30"]
[EventDate "2021.07.06"]
[EventType "tourn"]
[EventRounds "9"]
[EventCountry "ESP"]
[EventCategory "1"]
[SourceTitle "CBM 203 Extra"]
[Source "ChessBase"]
[SourceDate "2021.09.30"]
[SourceVersion "1"]
[SourceVersionDate "2021.09.30"]
[SourceQuality "1"]

1. e4 c5 2. Nf3 e6 3. d4 cxd4 4. Nxd4 Nf6 5. Nc3 Nc6 6. Ndb5 a6 7. Nd6+ Bxd6 8. Qxd6 Qe7 9. Qxe7+ Kxe7 10. Bg5 h6 11. Bh4 g5 12. Bg3 d6 13. h4 Rg8 14. hxg5 hxg5 15. 0-0-0 e5 1/2-1/2

[Event "Barcelona IM-B 5th"]
[Site "Barcelona"]
[Date "2021.07.06"]
[Round "1"]
[White "Saya, Ethan"]
[Black "Jul Perez, Alberto"]
[Result "1/2-1/2"]
[WhiteElo "2293"]
[BlackElo "2050"]
[PlyCount "109"]
[EventDate "2021.07.06"]
[EventType "tourn"]
[EventRounds "9"]
[EventCountry "ESP"]
[EventCategory "1"]
[SourceTitle "CBM 203 Extra"]
[Source "ChessBase"]
[SourceDate "2021.09.30"]
[SourceVersion "1"]
[SourceVersionDate "2021.09.30"]
[SourceQuality "1"]

1. e4 c5 2. Nc3 e6 3. g3 Nc6 4. Bg2 g6 5. d3 Bg7 6. Be3 d6 7. Nge2 Nge7 8. Qd2 Nd4 9. 0-0 0-0 10. Nd1 b5 11. Nc1 Bb7 12. c3 Ndc6 13. Bh6 d5 14. Bxg7 Kxg7 15. Nb3 Qb6 16. d4 cxd4 17. exd5 Nxd5 18. cxd4 Rfd8 19. Ne3 Nce7 20. Ng4 Nf5 21. Rad1 h5 22. Ne5 Nf6 23. Bxb7 Qxb7 24. Qe2 Rac8 25. h4 Qd5 26. Rfe1 b4 27. Nf3 a5 28. Ng5 Nd7 29. Nc5 Nxc5 30. dxc5 Qxc5 31. Rxd8 Rxd8 32. Qxe6 Qc7 33. Qe4 Rd2 34. Re2 Qc1+ 35. Kg2 Qc7 36. Kg1 Qc1+ 37. Kg2 Rxe2 38. Qxe2 Qc6+ 39. Qe4 Nd4 40. Qxc6 Nxc6 41. Kf3 a4 42. Ne4 a3 43. bxa3 bxa3 44. Ke3 f6 45. Nc3 g5 46. Ke4 Kg6 47. Kd5 Nb4+ 48. Ke4 f5+ 49. Kf3 Kf6 50. hxg5+ Kxg5 51. Nb5 Nxa2 52. Nxa3 Nc3 53. Nc4 Ne4 54. Ne5 h4 55. gxh4+ 1/2-1/2

[Event "Barcelona Primavera CE op"]
[Site "Barcelona"]
[Date "2021.05.22"]
[Round "5"]
[White "Jul Perez, Alberto"]
[Black "Brugarolas Manzaneque, Carlos"]
[Result "1-0"]
[WhiteElo "2029"]
[BlackElo "1915"]
[PlyCount "105"]
[EventDate "2021.04.24"]
[EventType "swiss"]
[EventRounds "9"]
[EventCountry "ESP"]
[SourceTitle "EXT 2022"]
[Source "ChessBase"]
[SourceDate "2021.10.06"]
[SourceVersion "1"]
[SourceVersionDate "2021.10.06"]
[SourceQuality "1"]

1. d4 e6 2. Nf3 Nf6 3. g3 b6 4. Bg2 Bb7 5. 0-0 Be7 6. c4 0-0 7. Nc3 d6 8. Qc2 Nbd7 9. Rd1 c6 10. e4 Qc7 11. Bg5 h6 12. Be3 Rfe8 13. h3 Rac8 14. b3 Bf8 15. Nh2 a6 16. a4 e5 17. d5 cxd5 18. exd5 Qd8 19. Qe2 Nc5 20. b4 Nb3 21. Rab1 Nd4 22. Qd3 g6 23. Bxd4 exd4 24. Ne2 Nd7 25. Nxd4 Ne5 26. Qb3 Nxc4 27. Nc6 Bxc6 28. dxc6 b5 29. Bd5 Qf6 30. Ng4 Qf5 31. Bxc4 bxc4 32. Qxc4 d5 33. Qxd5 Qxd5 34. Nf6+ Kh8 35. Rxd5 Re6 36. Nd7 Rexc6 37. Nxf8 Rxf8 38. b5 Rb6 39. a5 Rxb5 40. Rdxb5 axb5 41. Rxb5 Ra8 42. Kg2 Kg7 43. Kf3 Kf6 44. h4 Ke6 45. h5 Ra7 46. Rb6+ Kf5 47. g4+ Ke5 48. hxg6 fxg6 49. a6 h5 50. Rxg6 Rf7+ 51. Ke3 hxg4 52. Rxg4 Ra7 53. Ra4 1-0

[Event "Sabadell Diada blitz op 16th"]
[Site "Sabadell"]
[Date "2019.09.11"]
[Round "1"]
[White "Movsziszian, Karen"]
[Black "Jul Perez, Alberto"]
[Result "1-0"]
[WhiteElo "2531"]
[BlackElo "1965"]
[PlyCount "75"]
[EventDate "2019.09.11"]
[EventType "swiss (blitz)"]
[EventRounds "9"]
[EventCountry "ESP"]
[SourceTitle "EXT 2020"]
[Source "ChessBase"]
[SourceDate "2019.10.17"]
[SourceVersion "1"]
[SourceVersionDate "2019.10.17"]
[SourceQuality "1"]

1. g3 d5 2. Bg2 Nf6 3. d3 g6 4. f4 Bg7 5. Nf3 0-0 6. 0-0 c5 7. c3 Nc6 8. Na3 Bg4 9. h3 Bxf3 10. Bxf3 e5 11. Bg2 Nh5 12. Qe1 exf4 13. gxf4 Qd6 14. e4 dxe4 15. dxe4 Rad8 16. Be3 f5 17. e5 Nxe5 18. fxe5 Bxe5 19. Nc4 Bh2+ 20. Kh1 Qc7 21. Rf3 b5 22. Nd2 Rfe8 23. Nf1 Be5 24. Rd1 f4 25. Rxd8 Rxd8 26. Bf2 g5 27. Qe4 Ng7 28. Rd3 Re8 29. Qd5+ Ne6 30. Qd7 Qxd7 31. Rxd7 f3 32. Bxf3 Rf8 33. Nd2 Nf4 34. Bxc5 Rf6 35. Ne4 Rh6 36. Rd8+ Kf7 37. Nxg5+ Kf6 38. Ne4+ 1-0

[Event "Barcelona Sant Marti op 21st"]
[Site "Barcelona"]
[Date "2019.07.21"]
[Round "9"]
[White "Jul Perez, Alberto"]
[Black "Davtyan, David"]
[Result "0-1"]
[WhiteElo "1987"]
[BlackElo "2231"]
[PlyCount "66"]
[EventDate "2019.07.13"]
[EventType "swiss"]
[EventRounds "9"]
[EventCountry "ESP"]
[SourceTitle "EXT 2020"]
[Source "ChessBase"]
[SourceDate "2019.10.17"]
[SourceVersion "1"]
[SourceVersionDate "2019.10.17"]
[SourceQuality "1"]

1. e4 c5 2. Nf3 Nc6 3. d4 cxd4 4. Nxd4 Nf6 5. Nc3 d6 6. Be2 e5 7. Nb3 Be7 8. Be3 0-0 9. 0-0 a5 10. Nd2 Nd4 11. Bd3 Be6 12. Nd5 Nxd5 13. exd5 Bd7 14. Bxd4 exd4 15. Re1 f5 16. Qf3 Bf6 17. Re2 b5 18. Rae1 Be5 19. a4 Qb6 20. Qh5 Rae8 21. axb5 Bxb5 22. Bxf5 Rxf5 23. Qxf5 Bxe2 24. Rxe2 Qb5 25. Re4 Qxd5 26. f4 d3 27. c3 Bd4+ 28. cxd4 Qxf5 29. Rxe8+ Kf7 30. Re3 Qb5 31. b3 a4 32. bxa4 Qxa4 33. Rxd3 Qc2 0-1

[Event "Barcelona Sant Marti op 21st"]
[Site "Barcelona"]
[Date "2019.07.18"]
[Round "6"]
[White "Hristodorescu, Daniel"]
[Black "Jul Perez, Alberto"]
[Result "1-0"]
[WhiteElo "2241"]
[BlackElo "1987"]
[PlyCount "65"]
[EventDate "2019.07.13"]
[EventType "swiss"]
[EventRounds "9"]
[EventCountry "ESP"]
[SourceTitle "EXT 2020"]
[Source "ChessBase"]
[SourceDate "2019.10.17"]
[SourceVersion "1"]
[SourceVersionDate "2019.10.17"]
[SourceQuality "1"]

1. e4 c5 2. Nf3 d6 3. Bb5+ Nc6 4. 0-0 g6 5. c3 Qb6 6. Ba4 Bg7 7. d4 cxd4 8. cxd4 Bd7 9. Be3 Qa5 10. Nc3 Nf6 11. h3 0-0 12. Qd2 Nxe4 13. Nxe4 Qxa4 14. Nc3 Qa5 15. Bh6 Qh5 16. Bxg7 Kxg7 17. d5 Ne5 18. Nxe5 dxe5 19. Rfe1 e6 20. d6 Rfc8 21. Qe3 f6 22. Ne4 b6 23. g4 Qh4 24. g5 f5 25. Nf6 Bc6 26. Qxe5 Qxg5+ 27. Ng4+ Kg8 28. f4 Qh4 29. Qxe6+ Kh8 30. Qe5+ Kg8 31. Nf6+ Kg7 32. Ne8+ Kh6 33. Qg7+ 1-0

[Event "Barbera del Valles op 42nd"]
[Site "Barbera del Valles"]
[Date "2019.07.10"]
[Round "7"]
[White "Deng, Jing Xin Crystal"]
[Black "Jul Perez, Alberto"]
[Result "0-1"]
[WhiteElo "1753"]
[BlackElo "1987"]
[PlyCount "78"]
[EventDate "2019.07.04"]
[EventType "swiss"]
[EventRounds "9"]
[EventCountry "ESP"]
[SourceTitle "CBM 191 Extra"]
[Source "ChessBase"]
[SourceDate "2019.09.30"]
[SourceVersion "1"]
[SourceVersionDate "2019.09.30"]
[SourceQuality "1"]

1. d4 d5 2. c4 c6 3. Nf3 Nf6 4. Nc3 e6 5. Bg5 Be7 6. e3 0-0 7. Rc1 Nbd7 8. Bd3 dxc4 9. Bxc4 b5 10. Bd3 Bb7 11. 0-0 Rc8 12. Qe2 b4 13. Na4 c5 14. Ba6 Qc7 15. dxc5 Nxc5 16. Nxc5 Bxc5 17. Bxf6 gxf6 18. Rfd1 Bxa6 19. Qxa6 Qb6 20. Qc4 Bxe3 21. Qxc8 Bxf2+ 22. Kf1 Rxc8 23. Rxc8+ Kg7 24. Rdc1 Be3 25. R1c4 f5 26. Ke2 Bh6 27. R8c5 a5 28. Nd4 Bg5 29. Kd3 Qd6 30. Kc2 Be3 31. Rc6 Qxh2 32. Ne2 Qxg2 33. Kd3 f4 34. Re4 Qf1 35. Rxe3 fxe3 36. Kxe3 Qh3+ 37. Kf2 Qh2+ 38. Ke3 Qe5+ 39. Kf2 Qxb2 0-1

[Event "Barbera del Valles op 42nd"]
[Site "Barbera del Valles"]
[Date "2019.07.04"]
[Round "1"]
[White "Valenzuela Gomez, Fernando Alberto"]
[Black "Jul Perez, Alberto"]
[Result "1/2-1/2"]
[WhiteElo "2394"]
[BlackElo "1987"]
[PlyCount "59"]
[EventDate "2019.07.04"]
[EventType "swiss"]
[EventRounds "9"]
[EventCountry "ESP"]
[SourceTitle "CBM 191 Extra"]
[Source "ChessBase"]
[SourceDate "2019.09.30"]
[SourceVersion "1"]
[SourceVersionDate "2019.09.30"]
[SourceQuality "1"]

1. Nf3 Nf6 2. c4 c5 3. Nc3 g6 4. d4 cxd4 5. Nxd4 Bg7 6. e4 d6 7. Be2 0-0 8. Be3 Nc6 9. 0-0 Bd7 10. h3 Rc8 11. Nf3 b6 12. Qd2 Na5 13. b3 Bc6 14. Bd3 Bb7 15. Rac1 Nc6 16. Bb1 Qc7 17. Nd5 Qb8 18. Bg5 Rfe8 19. Bxf6 exf6 20. Rcd1 Ne5 21. Nd4 Bxd5 22. cxd5 Rc7 23. f4 Nd7 24. Rfe1 b5 25. Kh1 Qb6 26. Qb4 Rc5 27. a4 a5 28. Qd2 bxa4 29. bxa4 Rc4 30. Nc6 1/2-1/2

[Event "Barcelona Espiga de les Corts-A 1st"]
[Site "Barcelona"]
[Date "2018.04.28"]
[Round "3.4"]
[White "Cano Sevilla, Ivan"]
[Black "Jul Perez, Alberto"]
[Result "1-0"]
[WhiteElo "1977"]
[BlackElo "1995"]
[PlyCount "138"]
[EventDate "2018.04.14"]
[EventType "swiss"]
[EventRounds "9"]
[EventCountry "ESP"]
[SourceTitle "EXT 2024"]
[Source "ChessBase"]
[SourceDate "2023.10.10"]
[SourceVersion "1"]
[SourceVersionDate "2023.10.10"]
[SourceQuality "1"]

1. b4 e5 2. Bb2 d6 3. c4 Be6 4. e3 Nc6 5. b5 Nce7 6. Nf3 Ng6 7. Be2 Nf6 8. Nc3 Be7 9. 0-0 0-0 10. Qc2 Ng4 11. d4 f5 12. dxe5 dxe5 13. Rad1 Qe8 14. Nd5 Bxd5 15. cxd5 Bd6 16. h3 Nh6 17. Ng5 f4 18. Bd3 Qe7 19. Ne6 Rf6 20. exf4 Nxf4 21. Bxh7+ Kh8 22. Nxf4 Rxf4 23. Bc1 Rh4 24. Qg6 Qf6 25. Bg5 Qxg6 26. Bxg6 Rb4 27. Rb1 Ra4 28. Rb2 Rf8 29. Bc2 Rc4 30. a4 Ba3 31. Ra2 Bc5 32. Bd3 Rd4 33. Be3 Rxd3 34. Bxc5 Ra8 35. Rc1 a6 36. bxa6 Rxa6 37. Be3 Nf5 38. Rxc7 Nxe3 39. fxe3 b5 40. e4 bxa4 41. Re7 a3 42. Rxe5 Rb6 43. Re8+ Kh7 44. Ra8 Rbb3 45. Kh2 Kg6 46. Ra6+ Kg5 47. Rf2 g6 48. Ra5 Rd1 49. d6+ Kh6 50. e5 Re1 51. d7 Rd3 52. Rf7 a2 53. Rxa2 Rxe5 54. Ra8 Red5 55. Rd8 Kg5 56. Rg7 Rd2 57. Rdg8 Rxd7 58. Rxg6+ Kf5 59. Rg3 Rh7 60. Rf3+ Ke6 61. Re8+ Kd7 62. Ree3 Rb2 63. Rf4 Rd2 64. Ra4 Rh5 65. Ra7+ Kd6 66. Raa3 Rb2 67. Rad3+ Kc6 68. Re4 Rc2 69. Kg3 Rf5 1-0

[Event "Barcelona Espiga de les Corts-A 1st"]
[Site "Barcelona"]
[Date "2018.04.14"]
[Round "1.3"]
[White "Garcia Playa, David"]
[Black "Jul Perez, Alberto"]
[Result "1-0"]
[WhiteElo "2070"]
[BlackElo "1995"]
[PlyCount "167"]
[EventDate "2018.04.14"]
[EventType "swiss"]
[EventRounds "9"]
[EventCountry "ESP"]
[SourceTitle "EXT 2024"]
[Source "ChessBase"]
[SourceDate "2023.10.10"]
[SourceVersion "1"]
[SourceVersionDate "2023.10.10"]
[SourceQuality "1"]

1. e4 c5 2. Nf3 d6 3. d4 cxd4 4. Nxd4 Nf6 5. Nc3 g6 6. Be3 Bg7 7. Be2 0-0 8. 0-0 Nc6 9. Nb3 Ne5 10. h3 Be6 11. Nd4 Bc4 12. f4 Bxe2 13. Qxe2 Nc6 14. Rad1 Qa5 15. Nb3 Qc7 16. Nd5 Nxd5 17. exd5 Na5 18. Bd4 Nxb3 19. Bxg7 Kxg7 20. axb3 Rac8 21. Rd2 Rfe8 22. f5 Qc5+ 23. Kh1 Qb4 24. Qf2 f6 25. Rd4 Qb6 26. Rfd1 Rc5 27. fxg6 hxg6 28. Qg3 f5 29. c4 a5 30. Rf4 Rf8 31. Re1 Rc7 32. Re6 Rf6 33. Rxf5 Qd4 34. Rfxf6 exf6 35. Qxd6 Rf7 36. Qg3 Qxb2 37. Re8 g5 38. Re1 Qd4 39. d6 Rd7 40. Re6 Kf7 41. Qe1 Rxd6 42. Re7+ Kg6 43. Rxb7 Qd1 44. Qxd1 Rxd1+ 45. Kh2 Rb1 46. Rb5 Kf7 47. Kg3 Ke6 48. Kf3 Kd6 49. Ke4 Re1+ 50. Kf3 Rf1+ 51. Kg3 Ra1 52. Rb6+ Ke5 53. Rb5+ Ke4 54. Rb8 a4 55. Re8+ Kd4 56. bxa4 f5 57. Rf8 Ra3+ 58. Kf2 Ra2+ 59. Kg3 Ra3+ 60. Kh2 f4 61. Rg8 Rxa4 62. Rxg5 Rxc4 63. Rf5 Ke4 64. Rf8 Rc3 65. h4 Rb3 66. Rf7 Rc3 67. Rf6 Ke5 68. Rg6 Kf5 69. Rg5+ Kf6 70. Ra5 Kg6 71. Kg1 Rg3 72. Kf2 Rg4 73. h5+ Kh6 74. Rf5 Rh4 75. Kf3 Rxh5 76. Rxh5+ Kxh5 77. Kxf4 Kh6 78. Kf5 Kg7 79. Kg5 Kf7 80. g3 Kg7 81. g4 Kf7 82. Kh6 Kf8 83. Kh7 Kf7 84. g5 1-0